| 000 | 00522 a2200181 4500 | ||
|---|---|---|---|
| 001 | 139780 | ||
| 040 | _cLeonardo Da Vinci | ||
| 041 | _aPortuguês | ||
| 082 |
_a813 B583e _bB583e |
||
| 100 | _aBLATTY, William Peter | ||
| 245 | _aO exorcista | ||
| 260 |
_bNova Cultural _c1986 _aSão Paulo |
||
| 300 | _a340 | ||
| 362 | _a19860000 | ||
| 500 | _aMilton Persson (Tradução) | ||
| 697 |
_aLiteratura norte-americana _aBaseado em fato verídico _aDemônios _aViolência _aSuspense _aReligião _aEstados unidos |
||
| 942 | _cBK | ||
| 999 |
_c139780 _d139780 |
||